| 000 | 00595nam a2200205 4500 | ||
|---|---|---|---|
| 001 | 121636 | ||
| 003 | ES-MaACL | ||
| 005 | 20230906191805.0 | ||
| 007 | t| | ||
| 008 | 070214s1926 it r ||||1| ita d | ||
| 100 | 1 |
_aPortal, Emanuele. _993189 |
|
| 245 | 1 | 3 |
_aLa lingua basca / _cEmanuele Portal ; con prefazione di Guiseppe Sergi. |
| 260 |
_aMilano : _bUlrico Hoepli, _c1926. |
||
| 300 |
_aXIV, 128 p. ; _c15 cm. |
||
| 490 | 1 | _aManuali Hoepli | |
| 700 | 1 |
_aSergi, Giuseppe ( _d1841-1936) _9105546 |
|
| 830 | 0 |
_aManuali Hoepli _9180782 |
|
| 852 |
_aES-MaACL _jF-4560 |
||
| 999 |
_c121636 _d121636 |
||